Statistics for Casts of Best Picture Oscar-winning movies of the 1970s

Click here to take the quiz!

General Stats

  • This quiz has been taken 487 times
  • The average score is 25 of 50

Answer Stats

RolePerformer% Correct
Michael CorleoneAl Pacino
98%
Michael CorleoneAl Pacino
98%
Robert "Rocky" BalboaSylvester Stallone
98%
Randle McMurphyJack Nicholson
97%
Vito Corleone Marlon Brando
97%
S/Sgt. Michael "Mike" VronskyRobert De Niro
96%
Vito CorleoneRobert De Niro
96%
Annie HallDiane Keaton
95%
Kay Adams-CorleoneDiane Keaton
95%
Ted KramerDustin Hoffman
94%
Joanna KramerMeryl Streep
93%
LindaMeryl Streep
93%
Alvy "Max" SingerWoody Allen
93%
Det. Jimmy “Popeye” DoyleGene Hackman
89%
Gen. George S. PattonGeorge C. Scott
88%
Johnny "Kelly" HookerRobert Redford
88%
Henry "Shaw" GondorffPaul Newman
86%
Cpl. Nikanor "Nick" ChevotarevichChristopher Walken
79%
Santino "Sonny" CorleoneJames Caan
79%
Tom HagenRobert Duvall
77%
Tom HagenRobert Duvall
77%
Nurse RatchedLouise Fletcher
71%
Adrianna "Adrian" PenninoTalia Shire
70%
Apollo CreedCarl Weathers
46%
Stan ("Stosh")John Cazale
45%
Fredo CorleoneJohn Cazale
45%
Mickey GoldmillBurgess Meredith
43%
Det. Buddy “Cloudy” RussoRoy Scheider
32%
Doyle LonneganRobert Shaw
30%
Paulie PenninoBurt Young
29%
Billy BibbitBrad Dourif
27%
Gen. Omar N. BradleyKarl Malden
23%
Margaret PhelpsJane Alexander
19%
Cpl. Steven PushkovJohn Savage
19%
RobTony Roberts
17%
Billy KramerJustin Henry
16%
Lt. William SnyderCharles Durning
11%
Alain CharnierFernando Rey
11%
Tony LaceyPaul Simon
11%
Allison PortchnikCarol Kane
10%
Peter ClemenzaRichard S. Castellano
9%
J.J. SingletonRay Walston
6%
Chief BromdenWill Sampson
5%
John ShaunessyHoward Duff
4%
Field Marshal Bernard MontgomeryMichael Bates
4%
Salvatore “Sal” BocaTony Lo Bianco
4%
Gen. Walter Bedell SmithEdward Binns
3%
Pierre NicoliMarcel Bozzuffi
3%
Charlie CheswickSydney Lassick
3%
Col. Gaston BellLawrence Dobkin
2%

Score Distribution

Percentile by Number Answered

Percent of People with Each Score

Your Score History

You have not taken this quiz